Methods of witnessing to Roman Catholics: (Record no. 13659)

000 -LEADER
fixed length control field 00658nam a2200193 a 4500
001 - CONTROL NUMBER
control field :::00011482$&:&@@
003 - CONTROL NUMBER IDENTIFIER
control field OkBaRHE
005 - DATE AND TIME OF LATEST TRANSACTION
control field 20000607103409.0
008 - FIXED-LENGTH DATA ELEMENTS--GENERAL INFORMATION
fixed length control field s1944 j 000 0 eng u
040 ## - CATALOGING SOURCE
Transcribing agency
100 1# - MAIN ENTRY--PERSONAL NAME
Personal name Carder, James L.
245 10 - TITLE STATEMENT
Title Methods of witnessing to Roman Catholics:
Remainder of title by life, lip and the printed page.
260 ## - PUBLICATION, DISTRIBUTION, ETC. (IMPRINT)
Place of publication, distribution, etc Chicago, IL., :
Name of publisher, distributor, etc Fundamental Press
Date of publication, distribution, etc c1944
300 ## - PHYSICAL DESCRIPTION
Extent 45 p. ;
Dimensions 17 cm.
650 ## - SUBJECT ADDED ENTRY--TOPICAL TERM
Topical term or geographic name as entry element Catholics
General subdivision Doctrinal And Controversial Works
650 ## - SUBJECT ADDED ENTRY--TOPICAL TERM
Topical term or geographic name as entry element Witness Bearing (Christianity)
942 ## - ADDED ENTRY ELEMENTS (KOHA)
Source of classification or shelving scheme
Koha item type Books
Copies
Withdrawn status Price effective from Copy number Not for loan Damaged status Date last seen Full call number Shelving location Barcode Lost status Source of classification or shelving scheme Koha item type Date acquired Permanent Location
 2010-04-141  2010-04-14BX 1751 .C3General Stacks11482  Books2010-04-14RHEMA Bible Training College